000 00360nam a22001457a 4500
008 210305b ||||| |||| 00| 0 eng d
020 _a9781439046739
041 _aeng
080 _a573
082 _2573
100 _a11
101 _aBIO
245 _aBiology Concepts and Applications 8e
_cCecie Starrm Christine A, Evers ,Lisa Starr
942 _2udc
_cBK
999 _c55837
_d55837